Practical business english / (Record no. 346845)
[ view plain ]
| 000 -LEADER | |
|---|---|
| fixed length control field | 00605 a2200181 4500 |
| 020 ## - INTERNATIONAL STANDARD BOOK NUMBER | |
| International Standard Book Number | 0256102740 (paperback) |
| 020 ## - INTERNATIONAL STANDARD BOOK NUMBER | |
| International Standard Book Number | 9780256102741 (paperback) |
| 082 04 - DEWEY DECIMAL CLASSIFICATION NUMBER | |
| Classification number | 808.06665 |
| 090 ## - LOCALLY ASSIGNED LC-TYPE CALL NUMBER (OCLC); LOCAL CALL NUMBER (RLIN) | |
| -- | 4400 |
| -- | 4400 |
| 100 1# - MAIN ENTRY--PERSONAL NAME | |
| Personal name | Vawdrey, Colleen. |
| 245 10 - TITLE STATEMENT | |
| Title | Practical business english / |
| Statement of responsibility, etc. | Colleen Vawdrey, Ted D. Stoddard, R. Dermont Bell. |
| 260 ## - PUBLICATION, DISTRIBUTION, ETC. | |
| Place of publication, distribution, etc. | [S.l.] : |
| Name of publisher, distributor, etc. | Richard D Irwin, |
| Date of publication, distribution, etc. | 1992. |
| 300 ## - PHYSICAL DESCRIPTION | |
| Extent | 640 p. ; |
| Dimensions | 28 cm. |
| 700 1# - ADDED ENTRY--PERSONAL NAME | |
| Personal name | Stoddard, Ted D. |
| 700 1# - ADDED ENTRY--PERSONAL NAME | |
| Personal name | Bell, R. Dermont. |
| 856 40 - ELECTRONIC LOCATION AND ACCESS | |
| Materials specified | Amazon.com |
| Uniform Resource Identifier | <a href="http://www.amazon.com/exec/obidos/ASIN/0256102740/chopaconline-20">http://www.amazon.com/exec/obidos/ASIN/0256102740/chopaconline-20</a> |
| 942 ## - ADDED ENTRY ELEMENTS (KOHA) | |
| Institution code [OBSOLETE] | NBS |
| Koha item type | Book |
| Call number prefix | 808.06665 VAW |
| Withdrawn status | Lost status | Source of classification or shelving scheme | Damaged status | Not for loan | Collection code | Permanent Location | Current Location | Shelving location | Date acquired | Total Checkouts | Full call number | Barcode | Date last seen | Date last checked out | Price effective from | Koha item type |
|---|---|---|---|---|---|---|---|---|---|---|---|---|---|---|---|---|
| Central Library (CL) | Central Library (CL) | General Stacks | 08/28/2013 | 1 | 808.06665 VAW | NBS2634 | 09/18/2015 | 09/15/2015 | 08/28/2013 | Book | ||||||
| Central Library (CL) | Central Library (CL) | General Stacks | 03/08/2017 | 1 | 808.06665 VAW 1993 | NBS1214 | 03/08/2017 | 03/08/2017 | 03/08/2017 | Book |
